00721nam a22001457a 4500008004100000040005500041080002700096245018700123260005400310300001300364650001100377942001300388999001700401952015700418230426b |||||||| |||| 00| 0 eng d aNational Science LibrarycNational Science Library a528.71(1-773)(047)bL7 aResource sensing from space: bProspects for developing countriescReport of the ad hoc committee on remote..................................................National Research Council aWashington: bNational Academy of Science, c1977 av, 202p. aReport 2udccREP c23445d23445 00102udc4065287117730473_L770934387aNSLbNSLcGF/Rk-6/C-2/R-4d1977-10-10l0o528.71(1-773)(047.3) L7p67911r2023-04-26 00:00:00w1977-10-10yREP